| 000 | 00469nam a22001817a 4500 | ||
|---|---|---|---|
| 999 |
_c524092 _d524092 |
||
| 003 | NUST | ||
| 020 | _a9789695932353 | ||
| 038 | _awaseem | ||
| 082 |
_a891.421 _bKAL |
||
| 100 |
_aKaleem, Tajamal _914916 |
||
| 245 |
_aWshry Da Rukh / _cTajamal Kaleem |
||
| 260 |
_aLahore : _bSanjh Publications, _c2017. |
||
| 300 | _a144 p. ; | ||
| 500 | _aHardcover. | ||
| 880 |
_6100-02\r _aتجمل کلیم |
||
| 880 |
_6245-02\r _aویہڑے دا رُکھ / |
||
| 942 |
_2ddc _cBK |
||